Estadísticas para Países parcialmente reconocidos

Haz click aquí para intentar la prueba.

Estadísticas generales

  • Esta prueba ha sido intentada 5.795 veces
    (1.391 desde el último reinicio)
  • La puntuación promedio es 8 de 13

Estadísticas de respuestas

ReconocimientoMiembro de la ONUJetPunkPaís% Correcto
7No es reconocido por 55 paísesObservadorPalestina
88%
2No es reconocido por Corea del NorteCorea del Sur
84%
4No es reconocido por Corea
del Sur
Corea del Norte
83%
6No es reconocido por 28 países,
mayormente países islámico
Israel
77%
3No es reconcido por TurquíaChipre
72%
10Reconocido por 11 paísesNoTaiwán
70%
8Reconocido por 104 paísesMiembro de 2 agenciasKosovo
69%
5No es reconocido por los
países que reconocen #10
China
55%
13Reconocido por TurquíaNoChipre del Norte
46%
9Reconocido por 46 países,
mayormente de África
NoSahara Occidental
45%
12Reconocido por Rusia, Nauru,
Nicaragua, Siria, y Venezuela
NoAbjasia
38%
1No es reconocido por PakistánArmenia
38%
11Reconocido por Rusia, Nauru,
Nicaragua, Siria, y Venezuela
NoOsetia del Sur
36%

Distribución de puntuación

Porcentaje por número respondido

Porcentaje de gente con cada puntuación

Historial de tus puntuaciones

No has intentado esta prueba desde el último reinicio